000 00683nam a2200217 a 4500
001 BRCA_7433
005 20190320205832.0
008 050413s1902----mx-a######---#000-0#spa-#
041 _aspa
044 _amx
050 4 _aF1219.1.M4
_b.B38 1902
100 1 _aBatres, Leopoldo
_918315
245 1 0 _aExploraciones arqueológicas en la calle de las escalerillas
_cpor Leopoldo Batres.
260 _aMéxico
_bTip. y Lit. ´La Europa´ de J. Aguilar Vera
_c1902
300 _a58 p.
_bil. a color, 2 láminas, retratos
500 _aQ176
650 1 4 _aIndios de México
_zMéxico (Ciudad)
_918316
651 4 _aMéxico (Ciudad)
_xAntigüedades
_96296
902 _aGFM
942 _2lcc
_cB
999 _c7109
_d7109